000
00316nam a22001457a 4500
003
SGT
020
_a
978-93-550-1067-4
082
_a
658.15
_b
AHU
100
_a
HUJA, H.L.
245
_a
MANAGERIAL ECONOMICS ANALYSIS
250
_a
9TH
260
_a
INDIA
_b
S CHAND
_c
2021
300
_a
1141
942
_2
ddc
_c
BK
_0
4
999
_c
22326
_d
22326